Untuk Sekali Lagi / (Record no. 121518)

MARC details
000 -LEADER
fixed length control field 00762nam a2200253 i 4500
001 - CONTROL NUMBER
control field C2-0320948
003 - CONTROL NUMBER IDENTIFIER
control field PPAK
005 - DATE AND TIME OF LATEST TRANSACTION
control field 20221211112842.0
008 - FIXED-LENGTH DATA ELEMENTS--GENERAL INFORMATION
fixed length control field 130116s2011 my g | 0 f may d
020 ## - INTERNATIONAL STANDARD BOOK NUMBER
International Standard Book Number 9789831247341
Terms of availability RM00.00
Qualifying information paperback
040 ## - CATALOGING SOURCE
Original cataloging agency PPAK
Language of cataloging eng
Transcribing agency PPAK
Modifying agency PPAK
Description conventions rda
082 04 - DEWEY DECIMAL CLASSIFICATION NUMBER
Classification number 899.2333
Edition number 23
090 00 - LOCALLY ASSIGNED LC-TYPE CALL NUMBER (OCLC); LOCAL CALL NUMBER (RLIN)
Classification number (OCLC) (R) ; Classification number, CALL (RLIN) (NR) 899.2333
Feature heading AZI
Feature heading G
100 0# - MAIN ENTRY--PERSONAL NAME
Personal name Azilah Wahab,
Relator term author.
245 10 - TITLE STATEMENT
Title Untuk Sekali Lagi /
Statement of responsibility, etc. Azilah Wahab ; Edited by Rubiah Aksah
264 #1 - PRODUCTION, PUBLICATION, DISTRIBUTION, MANUFACTURE, AND COPYRIGHT NOTICE
Place of production, publication, distribution, manufacture Shah Alam, Selangor :
Name of producer, publisher, distributor, manufacturer GRUP BUKU KARANGKRAF SDN. BHD.,
Date of production, publication, distribution, manufacture, or copyright notice 2011
300 ## - PHYSICAL DESCRIPTION
Extent 507 pages :
Dimensions 19 cm
336 ## - CONTENT TYPE
Source rdacontent
Content type term text
337 ## - MEDIA TYPE
Source rdamedia
Media type term unmediated
338 ## - CARRIER TYPE
Source rdacarrier
Carrier type term volume
650 10 - SUBJECT ADDED ENTRY--TOPICAL TERM
Topical term or geographic name entry element Malay fiction.
700 0# - ADDED ENTRY--PERSONAL NAME
Personal name Rubiah Aksah,
Relator term editor.
942 ## - ADDED ENTRY ELEMENTS (KOHA)
Koha item type Book
Source of classification or shelving scheme Dewey Decimal Classification
Holdings
Withdrawn Not for loan Current library Shelving location Date acquired Total Checkouts Full call number Barcode Date last seen Date last checked out Koha item type Total Renewals
    Perpustakaan Alor Setar Pinjaman Dewasa 22/01/2013 2 899.233 AZI A01398822 20/01/2024 18/01/2024 Book  
    Perpustakaan Alor Setar Pinjaman Dewasa 22/01/2013 5 899.233 AZI A01398823 05/03/2023 19/02/2023 Book 4
    Perpustakaan Awam Sungai Petani Pinjaman Dewasa 22/01/2013   899.233 AZI A01398824 09/05/2018   Book  
    Perpustakaan Awam Sungai Petani Pinjaman Dewasa 07/12/2022 2 899.2333 AZI A00746752 29/10/2025 11/10/2025 Book 1
    Perpustakaan Baling Pinjaman Dewasa 22/01/2013 5 899.233 AZI A01398828 05/10/2024 07/09/2024 Book 1
    Perpustakaan Bandar Baharu Pinjaman Dewasa 22/01/2013 3 899.233 AZI A01398831 20/11/2023 07/11/2023 Book  
    Perpustakaan Jitra Pinjaman Dewasa 22/01/2013 1 899.233 AZI A01398825 11/12/2019 20/11/2019 Book  
    Perpustakaan Kuala Nerang Pinjaman Dewasa 22/01/2013 1 899.233 AZI A01398832 16/04/2019 19/03/2019 Book 1
    Perpustakaan Kulim Pinjaman Dewasa 22/01/2013 2 899.233 AZI A01398827 23/03/2025 08/03/2025 Book  
    Perpustakaan Langkawi Pinjaman Dewasa 22/01/2013 3 899.233 AZI A01398826 19/12/2024 28/11/2024 Book  
    Perpustakaan Merbok Pinjaman Dewasa 22/01/2013 1 899.233 AZI A01398834 27/07/2019 06/07/2019 Book  
    Perpustakaan Pendang Pinjaman Dewasa 22/01/2013   899.233 AZI A01398835 09/05/2018   Book  
    Perpustakaan Sik Pinjaman Dewasa 22/01/2013   899.233 AZI A01398830 09/05/2018   Book  
    Perpustakaan Yan Pinjaman Dewasa 22/01/2013   899.233 AZI A01398829 09/05/2018   Book  
    PD07, Kg. Jelutong, Sik Pinjaman Dewasa 22/01/2013   899.233 AZI A01398833 09/05/2018   Book